000 01000nam a2200265 i 4500
005 20191224041704.0
008 140311b2000 ec ||||| |||| 00| 0 spa d
040 _aCO-BoIAVH
_cCO-BoIAVH
041 _aspa
044 _aec
082 0 4 _a615.321
_bR62u
111 2 _aSeminario - Taller sobre Uso y Comercio Sostenible de Plantas Medicinales en Colombia
_cVilla de Leyva - Colombia
_dseptiembre 18-19, 2000
245 1 0 _aUso y comercio sostenible de plantas medicinales en Colombia:
260 _aQuito :
_bTraffic América del Sur,
_c2000.
300 _a73 páginas ;
_c27 cm.
650 1 4 _aPlantas medicinales
650 2 4 _aProductos farmacéuticos naturales
650 2 6 _aLegislación ambiental
650 2 4 _aComercio de plantas medicinales
650 2 4 _aEspecies promisorias
700 1 _aBuitrón C., Ximena
_eeditora.
700 1 _aRivera, Adriana
_eeditora.
700 1 _aRodríguez, Paola
_eeditora.
942 _cLIBRO
_2ddc
999 _c3419
_d3419